ბათუმის შოთა რუსთაველის სახელმწიფო უნივერსიტეტის ბიბლიოთეკა

თხზულებანი 2 ტომად. ტ.1 (ბიბ.ჩანაწერი № 48413)

000 -LEADER
fixed length control field 00880nam a2200241Ia 4500
001 - CONTROL NUMBER
control field 15305
003 - CONTROL NUMBER IDENTIFIER
control field GE_BSU
008 - FIXED-LENGTH DATA ELEMENTS--GENERAL INFORMATION
fixed length control field 181216s||||||||xx |||||||||||||| ||und||
040 ## - CATALOGING SOURCE
Transcribing agency GE_BSU
080 ## - UNIVERSAL DECIMAL CLASSIFICATION NUMBER
Universal Decimal Classification number 821.353.1+821.350.1-32
100 ## - MAIN ENTRY--PERSONAL NAME
Personal name ყაზბეგი, ალექსანდრე
245 ## - TITLE STATEMENT
Title თხზულებანი 2 ტომად. ტ.1
245 ## - TITLE STATEMENT
Remainder of title მოთხრობები და რომანები.
245 ## - TITLE STATEMENT
Statement of responsibility, etc. გ.ნატროშვილის წინასიტყვ.
260 ## - PUBLICATION, DISTRIBUTION, ETC.
Place of publication, distribution, etc. თბილისი
260 ## - PUBLICATION, DISTRIBUTION, ETC.
Name of publisher, distributor, etc. საბჭოთა მწერალი
260 ## - PUBLICATION, DISTRIBUTION, ETC.
Date of publication, distribution, etc. 1955
300 ## - PHYSICAL DESCRIPTION
Extent 554გვ.23სმ.
300 ## - PHYSICAL DESCRIPTION
Dimensions დანართი: გვ. 479-527
300 ## - PHYSICAL DESCRIPTION
Accompanying material ლექსიკონი გვ.531-554
653 ## - INDEX TERM--UNCONTROLLED
Uncontrolled term მოთხრობები და რომანები.
942 ## - ADDED ENTRY ELEMENTS (KOHA)
Koha item type წიგნი
ეგზემპლარები
Withdrawn status Lost status Damaged status Not for loan Date acquired Barcode Date last seen Price effective from Koha item type
        2018-12-17 37958 2018-12-17 2018-12-17 წიგნი
        2018-12-17 37959 2018-12-17 2018-12-17 წიგნი